|
|
|
|
| LEADER |
00937nam a2200217 u 4500 |
| 001 |
10024595 |
| 003 |
upatras |
| 005 |
20210422151435.0 |
| 008 |
960122s1961 uk eng |
| 952 |
|
|
|0 0
|1 0
|4 0
|6 530_400000000000000_KLE
|7 0
|9 193837
|a PHYS
|b PHYS
|d 2016-04-24
|i 00324
|l 0
|o 530.4 KLE
|p 025000018978
|r 2016-04-24 00:00:00
|t 1
|w 2016-04-24
|y BK15
|
| 999 |
|
|
|c 118857
|d 118857
|
| 040 |
|
|
|a GR-PaULI
|c GR-PaULI
|
| 041 |
0 |
|
|a eng
|
| 100 |
1 |
|
|a Klemperer, O.
|9 150821
|
| 245 |
1 |
0 |
|a Electron physics :
|b the physics of the free electron /
|c by O. Klemperer.
|
| 260 |
|
|
|a London :
|b Butterworths,
|c 1961.
|
| 300 |
|
|
|a xi, 250 σ. :
|b εικ. :
|c 22 εκ.
|
| 504 |
|
|
|a Περιλαμβάνει βιβλιογραφικές παραπομπές και ευρετήριο.
|
| 650 |
|
4 |
|9 179
|a Φυσική της στερεάς κατάστασης
|
| 852 |
|
|
|a GR-PaULI
|b ΠΑΤΡΑ
|b ΦΥΣΙΚΟ
|k ΑΕΧ-1
|h 530.4 KLE
|m 00324
|p 025000018978
|t 1
|
| 942 |
|
|
|2 ddc
|c BK15
|